Statistics for Top 30 Countries in Men's Shot Put

Click here to take the quiz!

General Stats

  • This quiz has been taken 10 times
  • The average score is 26 of 30

Answer Stats

NRContinentAnswer% Correct
22.21North AmericaCanada
100%
21.92EuropeUnited Kingdom
100%
23.56North AmericaUnited States
100%
21.35OceaniaAustralia
90%
21.48EuropeBosnia and Herzegovina
90%
22.61South AmericaBrazil
90%
21.94EuropeCroatia
90%
22.09EuropeFinland
90%
23.06EuropeGermany
90%
22.91EuropeItaly
90%
21.88North AmericaMexico
90%
21.62EuropeNetherlands
90%
22.90OceaniaNew Zealand
90%
22.32EuropePoland
90%
21.88EuropeSerbia
90%
21.97AfricaSouth Africa
90%
21.47EuropeSpain
90%
21.33EuropeSweden
90%
22.75EuropeSwitzerland
90%
22.17EuropeCzech Republic
80%
21.63EuropeDenmark
80%
22.22North AmericaJamaica
80%
21.80AfricaNigeria
80%
21.56EuropePortugal
80%
21.84EuropeUkraine
80%
21.77AsiaIndia
70%
21.63EuropeLatvia
70%
22.22EuropeLuxembourg
70%
21.57EuropeSlovakia
70%
21.65AfricaEgypt
60%

Score Distribution

Percentile by Number Answered

Percent of People with Each Score

Your Score History

You have not taken this quiz